000 00471nam a2200181Ia 4500
005 20250923144345.0
008 008 250917s9999 xx 000 0 eng d
037 _aTextual
040 _aDSWL
_beng
_cDSWL
041 _aeng
_2eng
084 _qDSWL
100 _aGoodfellow, D
_9824040
245 0 _aPrinciples of economic sociology
_cby D. Goodfellow
260 _aLondon
_c1939
300 _a289 p.
942 _cTEXL
999 _c1437846
_d1437846